| 000 | 00725cam a2200289ua 4500 | ||
|---|---|---|---|
| 020 | _c8.25 | ||
| 041 |
_amal _h |
||
| 082 |
_a632.58 _bGOP/KA |
||
| 100 | _aGopalakrishnan Nair, M.R . | ||
| 245 |
_aKarshika keeta vinjanam / _cM.R.Gopalakrishnan Nair. _hTextual Documents |
||
| 260 |
_aThiruvananthapuram : _bState Instititute of Languages , _c1971. |
||
| 300 | _a310 ; . | ||
| 365 | _a8.25 | ||
| 504 | _a | ||
| 942 | _cBK | ||
| 999 |
_c10849 _d10849 |
||